Ján Francisci Rimavský ...

Reprodukcia maľby J. Francisciho ako predsedu prípravného výboru Matice slovenskej. Uverejnené pri príležitosti 60. výročia zatvorenia Matice slovenskej

Podrobná bibliografia
Hlavný autor: Bohúň, Peter Michal, 1822-1879 (Autor)
Médium: Článok
Jazyk:slovenčina
Predmet:

MARC

LEADER 00000nab a22000001a 4500
001 vtls008995831
003 SK-MaSNL
005 20260305010342.0
008 070604d193504 xo |r|p|||| |000 b|slo
015 |a SNBRRBVU1918-1938 
038 |a SNKBUCL 
038 |a SNKBUVU 
040 |a SNKBUVU  |b slo  |c SNKBUCL  |e AACR2 
041 0 |a slo 
044 |a xo  |c SK 
080 |a 75.041.5  |2 2001 
080 |a 75.051:75.021.32  |2 1997 
080 |a 75.021.32  |2 1997 
100 1 |a Bohúň, Peter Michal,  |d 1822-1879  |4 aut  |9 52275 
245 1 0 |a Ján Francisci Rimavský ...  |c Peter Bohúň 
520 |a Reprodukcia maľby J. Francisciho ako predsedu prípravného výboru Matice slovenskej. Uverejnené pri príležitosti 60. výročia zatvorenia Matice slovenskej 
600 1 7 |a Francisci, Ján,  |d 1822-1905  |2 snkbucl  |9 197878 
650 0 7 |a slovenské maliarstvo  |2 MM  |9 3124 
650 0 7 |a portréty  |2 snkbucl  |9 2975 
655 7 |a reprodukcie výtvarných diel  |2 MM  |9 310790 
773 0 |t Slovensko  |g Roč. 1, č. 8 (1935), s. 156 
852 |a SNK  |b KIS3GCP 
910 |a snkrbvumm 
958 |a VY 
999 |c 3246096  |d 3248026